<?xml version="1.0" encoding="UTF-8"?><?xml-stylesheet type="text/xsl" href="static/style.xsl"?><OAI-PMH xmlns="http://www.openarchives.org/OAI/2.0/" xmlns:xsi="http://www.w3.org/2001/XMLSchema-instance" xsi:schemaLocation="http://www.openarchives.org/OAI/2.0/ http://www.openarchives.org/OAI/2.0/OAI-PMH.xsd"><responseDate>2026-06-01T09:02:31Z</responseDate><request verb="GetRecord" identifier="oai:riuma.uma.es:10630/12896" metadataPrefix="marc">https://riuma.uma.es/rest/oai/request</request><GetRecord><record><header><identifier>oai:riuma.uma.es:10630/12896</identifier><datestamp>2026-02-03T10:24:12Z</datestamp><setSpec>com_10630_1685</setSpec><setSpec>col_10630_38055</setSpec></header><metadata><record xmlns="http://www.loc.gov/MARC21/slim" xmlns:dcterms="http://purl.org/dc/terms/" xmlns:doc="http://www.lyncode.com/xoai" xmlns:xsi="http://www.w3.org/2001/XMLSchema-instance" xsi:schemaLocation="http://www.loc.gov/MARC21/slim http://www.loc.gov/standards/marcxml/schema/MARC21slim.xsd">
   <leader>00925njm 22002777a 4500</leader>
   <datafield ind2=" " ind1=" " tag="042">
      <subfield code="a">dc</subfield>
   </datafield>
   <datafield ind2=" " ind1=" " tag="720">
      <subfield code="a">Martin Calderón, José Manuel</subfield>
      <subfield code="e">author</subfield>
   </datafield>
   <datafield ind2=" " ind1=" " tag="260">
      <subfield code="c">2017-02-03</subfield>
   </datafield>
   <datafield ind2=" " ind1=" " tag="520">
      <subfield code="a">Este trabajo tiene como objetivo el desarrollo de una tienda online donde los usuarios puedan pagar de forma colaborativa una compra. Aunque podemos encontrar multitud de webs de compras ninguna implementa esta forma de pago entre varios usuarios.&#xd;
Para ello, se ha realizado una metodología consistente en dividir el trabajo en&#xd;
diferentes fases. Comenzando por un estudio de viabilidad escogiendo las herramientas adecuadas. Pasando por las diferentes fases del ciclo de vida del software. Estas fases son: Análisis en profundidad, Diseño para cumplir los requerimientos, Codificación de la idea y finalmente la Implantación del proyecto.&#xd;
Además, se han aprovechado las herramientas que suministra el sistema operativo para la automatización de tareas para la gestión de los procedimientos necesarios para la administración de la plataforma.&#xd;
En definitiva se ha desarrollado una aplicación que cumpla la metodología empleada utilizando conocimientos adquiridos y a su vez otros aprendidos durante el desarrollo de este trabajo. Habiendo sido éste una tarea gratificante.</subfield>
   </datafield>
   <datafield ind1="8" ind2=" " tag="024">
      <subfield code="a">http://hdl.handle.net/10630/12896</subfield>
   </datafield>
   <datafield tag="653" ind2=" " ind1=" ">
      <subfield code="a">Comercio electrónico</subfield>
   </datafield>
   <datafield tag="653" ind2=" " ind1=" ">
      <subfield code="a">Informática - Trabajos Fin de Grado</subfield>
   </datafield>
   <datafield tag="653" ind2=" " ind1=" ">
      <subfield code="a">Grado en Ingeniería de Computadores - Trabajos Fin de Grado</subfield>
   </datafield>
   <datafield ind2="0" ind1="0" tag="245">
      <subfield code="a">Web automatizada para el pago colaborativo</subfield>
   </datafield>
</record>
</metadata></record></GetRecord></OAI-PMH>